000 01065nab a22002417a 4500
999 _c5412
_d5412
003 OSt
005 20250313093001.0
008 190604e xxu||||| |||| 00| 0 spa d
040 _cPJ
100 _96423
_aChiappini, Julio E.
245 1 3 _aEl certiorari es inconstitucional /
_cJulio Chiappini.
260 _aCiudad Autónoma de Buenos Aires :
_bThomson Reuters La Ley,
_c2024.
300 _ap. 9-11
500 _aCita Online: TR LALEY AR/DOC/934/24.
505 _aSumario: I. El art. 280 del Cód. Proc. Civil.— II. Las afirmaciones meramente dogmáticas.— III. La defensa en juicio y el debido proceso.— IV. ¿Qué hacer?
505 _t¿Te interesa el texto completo? Solicitalo al correo: koha@justierradelfuego.gov.ar
650 0 _92044
_aRECURSO EXTRAORDINARIO
650 0 _9586
_aDEFENSA EN JUICIO
650 0 _9180
_aDEBIDO PROCESO
650 0 _92140
_aCERTIORARI
773 0 _02714
_93171
_dCiudad Autónoma de Buenos Aires : Thomson Reuters La Ley, 2014-
_tRevista anales de legislación argentina. Nº 7 - Junio 2024.
942 _2udc
_cANA